Mah-e-Noo Bayaede Fiaz / (Record no. 524486)

000 -LEADER
fixed length control field 00496nam a22001697a 4500
003 - CONTROL NUMBER IDENTIFIER
control field NUST
038 ## - RECORD CONTENT LICENSOR
Staff Name waseem
082 ## - DEWEY DECIMAL CLASSIFICATION NUMBER
Classification number 891.4308
Author Mark FAI
100 ## - MAIN ENTRY--PERSONAL NAME
Personal name Sajida Iqbal Syed
9 (RLIN) 9261
245 ## - TITLE STATEMENT
Title Mah-e-Noo Bayaede Fiaz /
Statement of responsibility, etc. Sajida Iqbal Syed
260 ## - PUBLICATION, DISTRIBUTION, ETC.
Place of publication, distribution, etc. Lahore :
Name of publisher, distributor, etc. Directorate General Of Films and Publications,
Date of publication, distribution, etc. 2008.
300 ## - PHYSICAL DESCRIPTION
Extent 376 p. ;
500 ## - GENERAL NOTE
General note Hardcover.
880 ## - ALTERNATE GRAPHIC REPRESENTATION
Linkage 100-01\r
Title ساجدہ اقبال سید
880 ## - ALTERNATE GRAPHIC REPRESENTATION
Linkage 245-02\r
Title ماہ نو بیادِ فیض /
942 ## - ADDED ENTRY ELEMENTS (KOHA)
Source of classification or shelving scheme
Koha item type Book
Holdings
Withdrawn status Lost status Source of classification or shelving scheme Damaged status Not for loan Permanent Location Current Location Shelving location Date acquired Total Checkouts Full call number Barcode Date last seen Price effective from Koha item type
          Central Library (CL) Central Library (CL) Punjabi Literature 06/21/2019   891.4308 FAI CL-E-1524 06/21/2019 06/21/2019 Book
© 2023 Central Library, National University of Sciences and Technology. All Rights Reserved.